000 00914nam a2200217 i 4500
001 18716
003 ES-MaACL
005 20250902091049.0
007 t|
008 020305s1965 sp ||||1| spa d
080 _a061.235(460.15)(091)
080 _a946.015.4(093)
245 0 0 _aColección de documentos inéditos para la historia de Guipúzcoa.
_n, . 6,
_pFascículo especial dedicado a las conmemoraciones centenarias de la fundación de la Real Sociedad Bascongada de los Amigos del País.
260 _aSan Sebastián :
_bPublicaciones de la Excma. Diputación Provincial de Guipúzcoa,
_c1965.
300 _a127 p. ;
_c25 cm.
610 2 4 _aReal Sociedad Bascongada de los Amigos del País-
_vHistoria-
_vFuentes
_96369
651 4 _aGuipúzcoa-
_xHistoria-
_vFuentes.
_98815
710 1 _aGuipúzcoa.
_bDiputación Provincial.
_94555
852 _aES-MaACL
_jL-25291
_bR.130450
999 _c18716
_d18716